000 01525cam a2200277 4500
002 7785
008 040915n2004 000 0 eng u
020 _a1903927420
035 _a(Sirsi) u127407
041 _aeng
050 _a346.4104343
_c18
100 _aJoyce, Jacqui
245 _aBusiness tenancies - the new law
_ba practical guide to the changes to the Landlord and Tenant Act 1954 Part II
260 _aLondon
_bLegalease
_c2004
300 _axiv, 220p.
_c23cm.
350 _a35
520 _aExamines the changes to the Landlord and Tenant Act 1954 Part II and provides practical guidance on how the reforms affect the everyday practice of surveyors, lawyers, landlords and tenants. Looks at: contracting out of security of tenure; surrenders; the scope of the Act; section 40 notices; the renewal process; termination proceedings by a landlord; changes to the Civil Procedure Rules; termination of fixed-term tenancies by a tenant - section 27; interim rent; terms of new tenancy ordered by the court; and compensation. Appendices cover key legislation. Tables of cases, statutes and statutory instruments.
650 _aREGULATORY REFORM (BUSINESS TENANCIES) (ENGLAND AND WALES) ORDER 2003
650 _aLANDLORD AND TENANT ACT 1954 PART II (NOTICES) REGULATIONS 2004
650 _aLANDLORD AND TENANT ACT 1954 PART II
650 _aBUSINESS TENANCIES
650 _aCIVIL PROCEDURE RULES 1998
650 _aCOMPANIES ACT 1985
690 _aLANDLORD AND TENANT-BUSINESS TENANCIES
942 _n0
999 _c103773
_d103773